| 000 | 00662nam a2200181Ia 4500 | ||
|---|---|---|---|
| 005 | 20260429112234.0 | ||
| 008 | 260429s9999||||xx |||||||||||||| ||und|| | ||
| 020 | _a9788119028818 | ||
| 041 | _aHindi | ||
| 082 |
_a320.54 _bHAB |
||
| 100 | _aहबीब, एस. इरफ़ान1 एट. अल. | ||
| 245 | 0 |
_aभारतीय राष्ट्रवाद : _bएक अनिवार्य पाठ / _cएस. इरफ़ान1 एट. अल. हबीब |
|
| 250 | _a1st ed. | ||
| 260 |
_aनई दिल्ली : _bराजकमल प्रकाशन, _c2023. |
||
| 300 | _a339 p.; Hb | ||
| 650 | _aHindi Literature | ||
| 942 | _cTB | ||
| 999 |
_c53058 _d53058 |
||